000 00543nam a2200217Ia 4500
003 OSt
005 20221007083146.0
006 a|||||r|||| 00| 0
007 ta
008 221006b |||||||| |||| 00| 0 eng d
024 _a38,510
037 _cDissertations
040 _aFLL
_cFLL
_beng
041 _2eng
_aeng
100 _aMata Din
_9526086
245 0 _aAgrarian reforms & constitutional right to property in India
260 _c1967
300 _a136p
_ccm.
942 _cDIS
_2CC
999 _c1169033
_d1169033